Loading...
| Literature - World | 0 | 3 | 0 | 1 | 30 | 86 | 106.33 | 0 | 0 | 6.53 | 11.36 |
| Mythology | 0 | 2 | 1 | 0 | 15 | 42 | 89.50 | 1 | 1 | 5.96 | 10.23 |
| Geography | 0 | 1 | 0 | 0 | 10 | 115 | 115.00 | 0 | 0 | 5.43 | 18.75 |
| Literature - American | 0 | 1 | 0 | 0 | 10 | 114 | 114.00 | 0 | 0 | 2.14 | 1.14 |
| Science - Other | 0 | 1 | 0 | 0 | 10 | 91 | 91.00 | 0 | 1 | 1.70 | 5.68 |
| Fine Arts - Other | 0 | 1 | 0 | 0 | 10 | 117 | 117.00 | 0 | 0 | 0.85 | 4.55 |
| Other Academic | 0 | 1 | 0 | 0 | 10 | 87 | 87.00 | 0 | 0 | 6.41 | 12.50 |
| History - World | 0 | 0 | 0 | 0 | 0 | 0.00 | 0 | 0 | 0.00 | 0.00 | |
| History - Other | 0 | 0 | 1 | 0 | -5 | 0.00 | 0 | 0 | 0.00 | 0.00 | |
| Fine Arts - Classical Music | 0 | 0 | 1 | 0 | -5 | 0.00 | 0 | 0 | 0.00 | 0.00 |